Educación y desarrollo social del alumno

Gespeichert in:
Bibliographische Detailangaben
1. Verfasser: Vandenplas-Holper, Christiane (VerfasserIn)
Format: Buch
Sprache:Spanisch
Veröffentlicht: Madrid Anaya 1982
Schriftenreihe:Ciencias de la Educación
Schlagworte:
Tags: Tag hinzufügen
Keine Tags, Fügen Sie den ersten Tag hinzu!

MARC

LEADER 00000nam a2200000 a 4500
001 UCY8673
003 CL-VaPUC
008 950703e19820000SP |||||||||||||||||spa|d
082 0 4 |a 306.43  |b VAN  |2 21 
100 0 |a Vandenplas-Holper, Christiane  |e author  |9 340288 
245 1 0 |a Educación y desarrollo social del alumno 
300 |a 224 p 
942 |c BK 
945 |d 19950703 00:00:00  |a lriquelm 
260 |a Madrid  |b Anaya  |c 1982 
650 7 |a EDUCACION Y DESARROLLO  |2 CL-VaPUC  |9 324696 
650 0 |a Planificación de la educación   |9 307333 
650 7 |a PAPEL DE LA EDUCACION  |2 CL-VaPUC  |9 338800 
650 7 |a EDUCACION PARA EL DESARROLLO  |2 CL-VaPUC  |9 335858 
650 0 |a Desarrollo económico y social   |9 256320 
650 0 |a Sociología de la educación   |9 260380 
650 0 |a Sexo  |9 257818 
650 7 |a DESARROLLO MORAL  |2 CL-VaPUC  |9 310605 
650 0 |a Alumnos   |9 335074 
583 |a last modification  |c 19950703 00:00:00  |k Rodrigo Vera 
490 0 |a Ciencias de la Educación 
999 |c 235899  |d 235897 
952 |0 0  |1 0  |4 0  |6 306_430000000000000_VAN_1982  |7 0  |8 P  |9 243614  |a BIBEDU  |b BIBEDU  |c BIBEDU_PB  |d 2019-11-18  |i 152772K  |o 306.43 VAN 1982  |p 152772K  |r 2024-01-25  |w 2019-11-18  |y BK  |k EDU 
952 |0 0  |1 0  |4 0  |6 306_430000000000000_VAN_1982  |7 0  |8 P  |9 243615  |a BIBEDU  |b BIBEDU  |c BIBEDU_PB  |d 2019-11-18  |i 1606638  |o 306.43 VAN 1982  |p 1606638  |r 2024-01-25  |w 2019-11-18  |y BK  |k EDU 
952 |0 0  |1 0  |4 0  |6 306_430000000000000_VAN_1982  |7 0  |8 P  |9 243616  |a BIBEDU  |b BIBEDU  |c BIBEDU_PB  |d 2019-11-18  |i 1606360  |o 306.43 VAN 1982  |p 1606360  |r 2024-01-25  |w 2019-11-18  |y BK  |k EDU 
952 |0 0  |1 0  |4 0  |6 306_430000000000000_VAN_1982  |7 0  |8 P  |9 243617  |a BIBEDU  |b BIBEDU  |c BIBEDU_PB  |d 2019-11-18  |i 1606468  |o 306.43 VAN 1982  |p 1606468  |r 2024-01-25  |w 2019-11-18  |y BK  |k EDU